1787 1343 1214 1141 1374 1535 1800 1429 1080 1937 1704 1330 1902 1006 1823 1546 1341 1005 1291 1108 1473 1022 1149 1433 1762 1313 1895 1334 1424 1624 1247 1856 1057 1143 1008 1014 1895 1756 1489 1274 1559 1717 1231 1249 1391 1902 1042 1227 1619 1449 1622 1109 1501 1561 1053 1241 1423 1065 1008 1309 1186 1038 1969 1329 1637 1214 1242 1775 1189 1734 1170 1856 1933 1248 1234 1342 1769 1650 1647 1324 1758 1542 1863 1743 1652 1295 1451 1416 1071 1326 1221 1727 1048 1727 1356 1979 1590 1113 1837 BCNSPRNW ULIB Ver.6.0+V

เปลี่ยนเป็นภาษาไทย

Change to English
 แสดงรายละเอียดบรรณานุกรม
  กลับหน้าหลัก

Brief Record : Get Marc (ISO 2709) : E-mail record : QR code < ปิดหน้าต่าง
LEADER : 00000nam 2200000 a 4500
001    13399114792
003     ULIB
008    120105s2555 th a 000 0 tha d
020    ^a9786162351034
050  4 ^aLB2822.75^bค695
245 00 ^aคู่มือการประเมินคุณภาพภายนอกรอบสาม (พ.ศ. 2554-2558) ระดับอุดมศึกษาฉบับสถานศึกษา (แก้ไขเพิ่มเติม พฤศจิกายน พ.ศ.2554) /^cสำนักงานรับรองมาตรฐานและประเมินคุณภาพการศึกษา (องค์การมหาชน) ; คณะทำงาน : นาวิน วิยาภรณ์, นภาภร ส่งแสง, สุชญา สังข์จรูญ
250    ^aพิมพ์ครั้งที่ 2
260    ^aกรุงเทพฯ :^bสำนักงาน,^c2555
300    ^a[5], 92 หน้า :^bภาพประกอบ ;^c30 ซม.
500    ^aSend to Single Search
650  4 ^aการศึกษาขั้นอุดมศึกษา^xการบริหาร^xการประเมิน
650  4 ^aประกันคุณภาพการศึกษา^vคู่มือ
700 0  ^aนาวิน วิยาภรณ์
700 0  ^aนภาภร ส่งแสง
700 0  ^aสุชญา สังข์จรูญ
710 2  ^aสำนักงานรับรองมาตรฐานและประเมินคุณภาพการศึกษา
945    ^p0^l0^i031773
945    ^p0^l0^i031774
995    ^aเกษร
999 ^a ใช้งานได้ทุกระบบ
รายการนี้ยังไม่มีแท็ก
คุณยังไม่ได้ล็อกอิน คุณสามารถมีกิจกรรมร่วมกับเว็บไซต์ได้ แต่ต้องล็อกอินก่อน ::
  ล็อกอิน

รายการสื่อสารสนเทศ

ลำดับที่ ประเภท เลขเรียก/บาร์โค้ด สถานที่ สถานะ
- ไม่พบข้อมูล -

BibComment


ยังไม่เคยถูกคอมเมนท์

คอมเมนท์ทรัพยากรรายการนี้
  คอมเมนท์: คู่มือการประเมิน..


 Copyright 2026. Bcnsprnw @Library